Prospects for Japanese industry to 1985

Bewaard in:
Bibliografische gegevens
Coauteur: Nomura research Institute
Formaat: Boek
Taal:Undetermined
Gepubliceerd in: Tokyo Financial Times 1985
Onderwerpen:
Tags: Voeg label toe
Geen labels, Wees de eerste die dit record labelt!
Thư viện lưu trữ: Trung tâm Học liệu Trường Đại học Cần Thơ
LEADER 00528nam a2200193Ia 4500
001 CTU_98989
008 210402s9999 xx 000 0 und d
082 |a 338.0952 
082 |b N811/Vol.2 
110 |a Nomura research Institute 
245 0 |a Prospects for Japanese industry to 1985 
260 |a Tokyo 
260 |b Financial Times 
260 |c 1985 
650 |a Industries,Japan 
650 |x Foreign economic relations 
650 |z Japan 
904 |i Truc 
980 |a Trung tâm Học liệu Trường Đại học Cần Thơ